Japonská ekonomika včera a dnes

Gespeichert in:
Bibliographische Detailangaben
1. Verfasser: Sedlák, Mikuláš
Format: Buch
Sprache:Slowakisch
Veröffentlicht: Bratislava IURA EDITION 2003
Schriftenreihe:Ekonómia
Schlagworte:
Tags: Tag hinzufügen
Keine Tags, Fügen Sie das erste Tag hinzu!

MARC

LEADER 00000nam$a2200000$$$4500
001 0005326
005 20240314091151.7
020 |a 80-89047-72-6 
041 0 |a slo 
044 |a SK 
245 1 0 |a Japonská ekonomika včera a dnes  |c Mikuláš Sedlák 
264 1 |a Bratislava  |b IURA EDITION  |c 2003 
300 |a 263 s. 
490 1 |a Ekonómia 
830 0 |a Ekonómia 
610 2 0 |a Japonsko 
610 2 0 |a situácia hospodárska 
610 2 0 |a politika hospodárska 
610 2 0 |a vývoj hospodársky 
610 2 0 |a údaje štatistické 
610 2 0 |a porovnanie medzinárodné 
100 1 |a Sedlák, Mikuláš